|
|
|
|
| LEADER |
00000naa2a2200000 4500 |
| 001 |
621325 |
| 005 |
20250507134834.0 |
| 035 |
|
|
|a (RuTPU)RU\TPU\conf\19892
|
| 035 |
|
|
|a RU\TPU\conf\19856
|
| 090 |
|
|
|a 621325
|
| 100 |
|
|
|a 20161214d2016 k y0rusy50 ba
|
| 101 |
0 |
|
|a eng
|
| 102 |
|
|
|a RU
|
| 105 |
|
|
|a y z 101zy
|
| 135 |
|
|
|a drcn ---uucaa
|
| 181 |
|
0 |
|a i
|
| 182 |
|
0 |
|a b
|
| 200 |
1 |
|
|a Assessment of capability for plasmachemical sinthesys of oxide and carbon-oxide compositions for dispersion nuclear fuel
|f E. S. Alyukov, I. Yu. Novoselov, A. G. Karengin
|
| 203 |
|
|
|a Текст
|c электронный
|
| 225 |
1 |
|
|a Перспективные направления развития ядерной энергетики. Ядерные технологии в инновационной экономике и ядерной медицине
|
| 300 |
|
|
|a Заглавие с титульного экрана
|
| 320 |
|
|
|a [Библиогр.: с. 100 (1 назв.)]
|
| 463 |
|
1 |
|0 (RuTPU)RU\TPU\conf\19839
|t VII Школа-конференция молодых атомщиков Сибири
|o сборник тезисов докладов, 19-21 октября 2016 г., г. Северск
|f Росатом [и др.]
|v [С. 100]
|d 2016
|
| 610 |
1 |
|
|a труды учёных ТПУ
|
| 610 |
1 |
|
|a электронные ресурсы
|
| 610 |
1 |
|
|a плазмохимический синтез
|
| 610 |
1 |
|
|a оксидные композиции
|
| 610 |
1 |
|
|a углеродные композиты
|
| 610 |
1 |
|
|a оксидные композиции
|
| 610 |
1 |
|
|a дисперсионное топливо
|
| 610 |
1 |
|
|a ядерное топливо
|
| 700 |
|
1 |
|a Alyukov
|b E. S.
|
| 701 |
|
1 |
|a Novoselov
|b I. Yu.
|c specialist in the field of nuclear physics
|c Senior Lecturer of Tomsk Polytechnic University
|f 1989-
|g Ivan Yurievich
|3 (RuTPU)RU\TPU\pers\34239
|9 17770
|
| 701 |
|
1 |
|a Karengin
|b A. G.
|c physicist
|c Associate Professor of Tomsk Polytechnic University, Candidate of physical and mathematical sciences
|f 1950-
|g Aleksander Grigorievich
|3 (RuTPU)RU\TPU\pers\31220
|
| 712 |
0 |
2 |
|a Национальный исследовательский Томский политехнический университет
|c (2009- )
|9 26305
|
| 801 |
|
2 |
|a RU
|b 63413507
|c 20170110
|g RCR
|
| 850 |
|
|
|a 63413507
|
| 856 |
4 |
|
|u http://earchive.tpu.ru/handle/11683/35605
|
| 942 |
|
|
|c BK
|